Your best year ever : (Record no. 8642)

MARC details
000 -LEADER
fixed length control field 00745nam a22002177a 4500
003 - CONTROL NUMBER IDENTIFIER
control field OSt
005 - DATE AND TIME OF LATEST TRANSACTION
control field 20260306010610.0
008 - FIXED-LENGTH DATA ELEMENTS--GENERAL INFORMATION
fixed length control field 260306b |||||||| |||| 00| 0 eng d
020 ## - INTERNATIONAL STANDARD BOOK NUMBER
International Standard Book Number 9786218334700
040 ## - CATALOGING SOURCE
Original cataloging agency DWCL - Main Lib.
Transcribing agency OC
082 ## - DEWEY DECIMAL CLASSIFICATION NUMBER
Classification number Circ. 158.1 H992y 2024
100 ## - MAIN ENTRY--PERSONAL NAME
Personal name Hyatt, Michael
245 ## - TITLE STATEMENT
Title Your best year ever :
Remainder of title a 5-step plan for achieving your most important goals /
Statement of responsibility, etc. Michael Hyatt
250 ## - EDITION STATEMENT
Edition statement Revised and updated edition.
260 ## - PUBLICATION, DISTRIBUTION, ETC.
Place of publication, distribution, etc. ParaƱaque City, Philippines :
Name of publisher, distributor, etc. Acts 29 Publishing,
Date of publication, distribution, etc. c2024.
300 ## - PHYSICAL DESCRIPTION
Extent 285 pages :
Other physical details illustrations ;
Dimensions 21cm.
650 ## - SUBJECT ADDED ENTRY--TOPICAL TERM
Topical term or geographic name entry element 1. Motivation -- Psychology.
650 ## - SUBJECT ADDED ENTRY--TOPICAL TERM
Topical term or geographic name entry element 2. Self-improvement.
650 ## - SUBJECT ADDED ENTRY--TOPICAL TERM
Topical term or geographic name entry element 3. Success -- Psychological aspects.
942 ## - ADDED ENTRY ELEMENTS (KOHA)
Source of classification or shelving scheme Dewey Decimal Classification
Koha item type Book Circulation
Suppress in OPAC No
952 ## - LOCATION AND ITEM INFORMATION (KOHA)
--
Holdings
Withdrawn status Lost status Source of classification or shelving scheme Damaged status Not for loan Home library Current library Shelving location Date acquired Source of acquisition Cost, normal purchase price Total Checkouts Full call number Barcode Date last seen Copy number Price effective from Koha item type Uniform Resource Identifier
    Dewey Decimal Classification     Junior High School Library Junior High School Library Circulation 02/23/2026 School Fund 220.00   Circ. 158.1 H992y 2024 JHS - 21535 03/06/2026 c1 03/06/2026 BK-CIRC